000 01875nam a22001697a 4500
005 20250821132218.0
008 250218b |||||||| |||| 00| 0 eng d
082 _22024
_aUT
100 _aCarin, Kessa Lorraine R.
_965456
245 _aAssessment of budget allocation and utilization of local disaster risk reduction and management fund (LDRRMF) /
_cKessa Lorraine R. Carin, and Ana Boneta P. Pantinople
260 _aDigos City :
_bUMDC,
_c©March 2024.
300 _avii, 120 pages :
_billustration (some colors) ;
_c29 cm.
500 _aIncludes references and appendices.
520 _aThe occurrence of disasters at unpredictable intervals underscores the necessity for governments to allocate resources towards preventing and mitigating adverse effects and aiding recovery efforts. This research aims to determine the budget allocation for Local Disaster Risk Reduction and Management Fund (LDRRMF) for years 2020, 2021, and 2022 and determine how these funds are utilized annually ensuring that they are in accordance with the law and regulations. Utilization reports for the LDRRMF were formally requested from Local Government Units in Davao del Sur, excluding Municipalities of Hagonoy and Matanao. The findings reveal a consistent annual increase in current appropriations, with expenditures directed towards direct disaster response, other related expenses, general services, capital expenditures, and personnel services in compliance with the PDRRM Act of 2010 and JMC No. 2013-1. Overall, LGUs are encouraged to consistently update their utilization report in both printed and digital format posted in Full Disclosure Policy Board and respective government website as this research intends to raise public awareness and foster transparency and accountability among LGUs in disaster management.
700 _a Pantinople, Ana Boneta P.
_965457
942 _2ddc
_cUT
999 _c23489
_d23489